AGE D'OR (L') (Record n. 107465)

Dettagli MARC
000 -LEADER
fixed length control field 01389agaaa2200301 4500
001 - CONTROL NUMBER
control field 8280
003 - CONTROL NUMBER IDENTIFIER
control field IT-RoPAU
005 - DATE AND TIME OF LATEST TRANSACTION
control field 20220918181258.0
007 - PHYSICAL DESCRIPTION FIXED FIELD--GENERAL INFORMATION
fixed length control field d cvaizq
008 - FIXED-LENGTH DATA ELEMENTS--GENERAL INFORMATION
fixed length control field 50131s9999||||xx ||| | || ||und||
040 ## - CATALOGING SOURCE
Original cataloging agency IT-RoPAU
Transcribing agency IT-RoPAU
041 ## - LANGUAGE CODE
Language code of text/sound track or separate title ITALIANO
100 ## - MAIN ENTRY--PERSONAL NAME
Personal name Bunuel Luis
Miscellaneous information Codice regista SPICS: 8694
9 (RLIN) 36748
130 ## - MAIN ENTRY--UNIFORM TITLE
Uniform title AGE D'OR (L')
9 (RLIN) 52217
245 ## - TITLE STATEMENT
Title AGE D'OR (L')
Statement of responsibility, etc. Prodotto da: De Noailles Charles -- Sceneggiatura: Bunuel Luis -- Diretto da: Bunuel Luis
Name of part/section of a work AGE D'OR (L') (Rif. Codice opera principale : 48280)
250 ## - EDITION STATEMENT
Edition statement Edizione Standard
260 ## - PUBLICATION, DISTRIBUTION, ETC. (IMPRINT)
Place of publication, distribution, etc. FRANCIA (MESSICO)
Name of publisher, distributor, etc. VICOMPTE DE NOAILLES / Distribuzione: RAI
Date of manufacture "1930 (1° ed.: 1987 ; Ed. Lingua Orig.: 1930)"
300 ## - PHYSICAL DESCRIPTION
Extent VHS
Other physical details sonoro, b&w
Dimensions 70 minuti
508 ## - CREATION/PRODUCTION CREDITS NOTE
Creation/production credits note "Sceneggiatura: Bunuel Luis; "
511 ## - PARTICIPANT OR PERFORMER NOTE
Participant or performer note "Modot&Gaston; Lys Lya; Ernst Max; Artigas Llorens; Salem Lionel; Noizet Mme"
520 ## - SUMMARY, ETC.
Summary, etc. FANTASTICO CON-LYA-LYS GASTON-MODOT MAX-ERNSTFILM MUTO CON DIDASCALIE IN ITALIANO SULL'AMORE FOLLE IL PROTAGONISTA COMPIE ALCUNI GESTI SURREALISTI FRA CUI SCHIAFFEGGIARE LA SUA FUTURA SUOCERA
538 ## - SYSTEM DETAILS NOTE
System details note PAL, STEREO
546 ## - LANGUAGE NOTE
Language note ITALIANO
650 ## - SUBJECT ADDED ENTRY--TOPICAL TERM
Topical term or geographic name as entry element FANTASTICO
Relator term FILMS [VHS]
General subdivision Codice MATERIA SPICS: 9960
9 (RLIN) 52218
700 ## - ADDED ENTRY--PERSONAL NAME
Personal name Bunuel Luis
Relator term (regista)
Miscellaneous information Codice regista SPICS: 8694
9 (RLIN) 36748
700 ## - ADDED ENTRY--PERSONAL NAME
Personal name Bunuel Luis
Relator term (soggetto)
Miscellaneous information Codice Soggetto SPICS: 8694
9 (RLIN) 52219
942 ## - ADDED ENTRY ELEMENTS (KOHA)
Koha item type VHS - VIDEO
Source of classification or shelving scheme Dewey Decimal Classification
Dati di copia
Withdrawn status Lost status Damaged status Not for loan Home library Current library Date acquired Total Checkouts Full call number Date last seen Price effective from Koha item type Public note
    Buone Condizioni Not For Loan SPICS-MEDIATECA SPICS-MEDIATECA 31/01/2015   48280 31/01/2015 31/01/2015 VHS - VIDEO Progr. Ins.: 2081 / N.Vol.:1 / Copie: 1 / Pag.: / Copia rara: n.d. / date import: 1.2.2015 / By Epidotti, Trombetti, Vaglietti
CREDITS: SOCIETA' SAN PAOLO Via A.Severo, 58 - ROMA (RM) & PERIODICI SAN PAOLO SRL Via Giotto, 36 MILANO & CISF Via Giotto, 36 MILANO & EDIZIONI SAN PAOLO SRL,  Piazza Soncino, 5 CINISELLO BALSAMO (MI) -- ITALY